LEADER 01342nam a2200301 a 4500 001 000000131487 003 CaOOAMICUS 005 20150914181643.0 008 121121s2005 vc a u000 u ita r 020 $a88-215-5660-3 040 $aPUL$bita 082 04$a238.22 245 00$aCatechismo della Chiesa cattolica :$bcompendio. 260 $aCittà del Vaticano :$bLibreria editrice vaticana,$c©2005$aCinisello Balsamo :$bSan Paolo,$c2005. 300 $a205 p.$bill.$c19 cm 500 $aInclude indici. 650 4$aCatechismo della Chiesa cattolica.$0(OLS)http://pul/subject/28591 850 $aPUL 852 $aPUL$W1$xSL Religione 3$y85$m238. 22 LEV 1$j151762$qDDC 21$B150694$CPULBib$Z2$F150694 $H121198 $82 852 $aPUL$W1$xDP1 Fondo S. Lanza$y121$m3 N 77$j168590$qFondi$B169186$CPULBib$Z2$F169186 $HLAN1076 $82 941 1 $a1 941 1 $a9 996 $6020$a88-215-5660-3$9(OLS)http://pul/number/151120 996 $6082$a238.22$9(OLS)http://pul/classification/2409 996 $6245$aCatechismo della Chiesa cattolica :$bcompendio$9(OLS)http://pul/title/166101 996 $6260$aCittà del Vaticano :$bLibreria editrice vaticana$9(OLS)http://pul/publisher/47920 996 $6260$aCinisello Balsamo :$bSan Paolo$9(OLS)http://pul/publisher/54577 LEADER 01810nam a2200265 a 4500 001 000000163023 003 CaOOAMICUS 005 20171002153042.0 008 171002s1996 it m 001 u spa r 032 $aLibriCat 040 $aPUL$bita 100 1 $aMontagut i Piquet, Pere.$0(OLS)http://pul/name/104684 245 13$aEl dinamismo orante en la vida y el ministerio del sacerdote : $bestudio teológico-espiritual del dinamismo orante en el ejercicio del ministerio como fundamento de la mística sacerdotal a partir de los documentos del magisterio eclesiástico de la Constitución «Sacrosanctum Concilium» al «Directorio para el ministerio y la vida de los presbíteros» (1963-1994) / $cPere Montagut i Piquet. 260 $aRoma :$b[s.n.],$c1996. 300 $a370 p. ;$c25 cm. 502 $aTesi -- Pontificia Università Gregoriana. Istituto di Spiritualità. 1996. 504 $aBibliografia in nota a piè pagina. 650 04$aMinistero ecclesiastico.$0(OLS)http://pul/subject/43033 710 2 $aPontificia Università Gregoriana.$bIstituto di spiritualità$kTesi.$0(OLS)http://pul/name/40854 850 $aPUL 852 $aPUL$W1$xDP1 Tesi Pon. Univ. Gregoriana$y40$mTH PUG 4294$j187049$qTesi$B190250$CPULBib$Z2$F190250 $H76095 $82 941 1 $a16 996 $6245$aEl dinamismo orante en la vida y el ministerio del sacerdote : $bestudio teológico-espiritual del dinamismo orante en el ejercicio del ministerio como fundamento de la mística sacerdotal a partir de los documentos del magisterio eclesiástico de la Constitución «Sacrosanctum Concilium» al «Directorio para el ministerio y la vida de los presbíteros» (1963-1994) / $9(OLS)http://pul/title/202770 996 $6260$aRoma :$b[s.n.]$9(OLS)http://pul/publisher/47958